PEK Direct Flights - Statistics

General Stats
  • This quiz has been taken 8 times
  • The average score is 119 of 208
Answers on the Map
Answers color-coded by a green-red scale on the quiz's map according to % correct below.
 
Answer Stats
Answer % Correct
Addis Ababa
100%
Algiers
100%
Amsterdam
100%
Ashgabat
100%
Athens
100%
Auckland
100%
Baku
100%
Bangkok
100%
Barcelona-El Prat
100%
Belgrade
100%
Berlin
100%
Boston
100%
Brussels
100%
Budapest
100%
Busan
100%
Cairo
100%
Chiang Mai
100%
Chongqing Jiangbei
100%
Chongqing Wanzhou
100%
Colombo
100%
Dhaka
100%
Dubai
100%
Dublin
100%
Edinburgh
100%
Frankfurt
100%
Geneva
100%
Guangzhou
100%
Ho Chi Minh City
100%
Hong Kong
100%
Islamabad
100%
Istanbul
100%
Jakarta
100%
Kansai
100%
Kuala Lumpur
100%
London Gatwick
100%
London Heathrow
100%
Los Angeles
100%
Madrid
100%
Malé
100%
Manchester
100%
Manila
100%
Melbourne
100%
Milan
100%
Minsk
100%
Moscow
100%
Munich
100%
Nagoya
100%
New York City
100%
Paris
100%
Phuket
100%
Prague
100%
Riyadh
100%
Rome-Fiumicino
100%
San Francisco
100%
Sapporo-Chitose
100%
Seattle-Tacoma
100%
Seoul Gimpo
100%
Seoul-Incheon
100%
Shenyang
100%
Singapore
100%
St. Petersburg
100%
Sydney
100%
Taipei-Taoyuan
100%
Tashkent
100%
Tehran
100%
Tel Aviv-Yafo
100%
Tijuana
100%
Tokyo Haneda
100%
Tokyo-Narita
100%
Toronto
100%
Vancouver
100%
Vienna
100%
Warsaw
100%
Wuhan
100%
Xiamen
100%
Xi'An
100%
Yangon
100%
Almaty
80%
Astana
80%
Basra
80%
Changsha
80%
Chengdu Shuangliu
80%
Chengdu Tianfu
80%
Copenhagen
80%
Fuzhou
80%
Hanoi
80%
Harbin
80%
Jeju
80%
Macau
80%
Oslo
80%
Phnom Penh
80%
Qingdao
80%
Shanghai Hongqiao
80%
Shanghai Pudong
80%
Stockholm
80%
Ulaanbaatar
80%
Ürümqi
80%
Vladivostok
80%
Washington D.C.
80%
Dali
60%
Dalian
60%
Haikou
60%
Hangzhou
60%
Hohhot
60%
Irkutsk
60%
Kunming
60%
Lhasa
60%
Naha
60%
Nanjing
60%
Nanning
60%
Sanya
60%
Shenzhen
60%
Zhengzhou
60%
Changzhou
40%
Dazhou
40%
Guilin
40%
Guiyang
40%
Hefei
40%
Huizhou
40%
Hulunbuir Manzhouli
40%
Jingdezhen
40%
Kashgar
40%
Lanzhou
40%
Nantong
40%
Ningbo
40%
Qionghai
40%
Quanzhou
40%
Weihai
40%
Wuxi/Suzhou
40%
Yantai
40%
Yichang
40%
Yinchuan
40%
Yining
40%
Yiwu
40%
Zhanjiang
40%
Zhuhai
40%
Aksu
20%
Altay
20%
Anqing
20%
Baotou
20%
Beihai
20%
Changchun
20%
Daqing
20%
Dunhuang
20%
Ganzhou
20%
Hami
20%
Hotan
20%
Huangshan
20%
Jiamusi
20%
Ji'An
20%
Jieyang
20%
Jiujiang
20%
Karamay
20%
Lianyungang
20%
Lijiang
20%
Lishui
20%
Mianyang
20%
Mudanjiang
20%
Nanchang
20%
Nyingchi
20%
Ordos
20%
Qiqihar
20%
Wenzhou
20%
Xiangyang
20%
Xilinhot
20%
Xining
20%
Zhangye
20%
Zunyi
20%
Bayannur
0%
Changzhi
0%
Dongying
0%
Fuyang
0%
Guangyuan
0%
Hengyang
0%
Holingol
0%
Hulunbuir Hailar
0%
Jixi
0%
Korla
0%
Langzhong
0%
Linfen
0%
Liupanshui
0%
Liuzhou
0%
Lüliang
0%
Quzhou
0%
Shangrao
0%
Shaoyang
0%
Shiyan
0%
Songpan
0%
Suifenhe
0%
Taiyuan
0%
Taizhou Zhejiang
0%
Tonghua
0%
Tongliao
0%
Ulanhot
0%
Wuhai
0%
Xichang
0%
Yan'An
0%
Yancheng
0%
Yangzhou/Taizhou
0%
Yanji
0%
Yibin
0%
Yichun
0%
Yueyang
0%
Yulin Guangxi
0%
Yulin Shaanxi
0%
Yuncheng
0%
Zhangjiajie
0%
Zhongwei
0%
No matching quizzes found
Score Distribution
Percent of People with Each Score
Percentile by Number Answered
Your Score History
You have not taken this quiz